Trendy rozvoje typového aplikačního programového vybavení

Enregistré dans:
Détails bibliographiques
Format: Livre
Langue:tchèque
Publié: Praha Dům techn. ČSVTS 1989
Édition:1. vyd.
Tags: Ajouter un tag
Pas de tags, Soyez le premier à ajouter un tag!

MARC

LEADER 00000nam a2200000 4500
001 c034212
005 20221215120848.5
041 0 |a cze 
044 |a CZ 
245 1 0 |a Trendy rozvoje typového aplikačního programového vybavení 
250 |a 1. vyd. 
264 1 |a Praha  |b Dům techn. ČSVTS  |c 1989 
300 |a 194 s.